[Event "Sitges Sunway op 10th"]
[Site "Sitges"]
[Date "2023.12.13"]
[Round "2"]
[White "Alexiadis, Hristos"]
[Black "Henriquez Villagra, Cristobal"]
[Result "1-0"]
[WhiteElo "2312"]
[BlackElo "2607"]
[PlyCount "109"]
[EventDate "2023.12.12"]
[EventType "swiss"]
[EventRounds "10"]
[EventCountry "ESP"]
[SourceTitle "CB52_2023"]
[SourceDate "2023.12.27"]
[SourceVersion "1"]
[SourceVersionDate "2023.12.27"]
[SourceQuality "1"]

1. d4 Nf6 2. c4 g6 3. Nc3 Bg7 4. Nf3 d6 5. g3 0-0 6. Bg2 Nbd7 7. 0-0 e5 8. h3 a6 9. e4 Rb8 10. dxe5 dxe5 11. Be3 b6 12. Qc2 c6 13. Rfd1 Qe7 14. Rab1 a5 15. a3 Ba6 16. Bf1 Rfc8 17. b4 Bf8 18. Qe2 Ra8 19. Nd2 axb4 20. axb4 Bb7 21. Qf3 Ra3 22. Rdc1 Qe6 23. Bg2 Rca8 24. Qe2 Kh8 25. Kh2 Bd6 26. Bg5 Ng8 27. Be3 Ngf6 28. Bg5 Kg7 29. Be3 Qe7 30. b5 Bc5 31. bxc6 Bxc6 32. Nd5 Qd6 33. Nf1 R8a6 34. Rd1 Bxd5 35. cxd5 R6a4 36. Bc1 Ra2 37. Rb2 Ra1 38. Rc2 h5 39. Nd2 Kg8 40. Nc4 Qb8 41. Nb2 R4a2 42. Nd3 Rxc2 43. Qxc2 Bd4 44. Nb4 Qa8 45. Rxd4 exd4 46. Bb2 Ra4 47. Nc6 Ra2 48. Qc1 h4 49. e5 hxg3+ 50. fxg3 Qe8 51. exf6 Nxf6 52. Nb4 Ra4 53. Bxd4 Nh5 54. Qh6 f6 55. d6 1-0

[Event "Chania Theodorakis Memorial 2nd"]
[Site "Chania"]
[Date "2023.04.22"]
[Round "8"]
[White "Papasimakopoulos, Alexandros"]
[Black "Alexiadis, Hristos"]
[Result "1-0"]
[WhiteElo "2374"]
[BlackElo "2335"]
[PlyCount "81"]
[EventDate "2023.04.17"]
[EventType "swiss"]
[EventRounds "9"]
[EventCountry "GRE"]
[SourceTitle "EXT 2024"]
[Source "ChessBase"]
[SourceDate "2023.10.10"]
[SourceVersion "1"]
[SourceVersionDate "2023.10.10"]
[SourceQuality "1"]

1. Nf3 Nf6 2. c4 g6 3. b3 Bg7 4. Bb2 0-0 5. g3 d6 6. d4 a6 7. Bg2 Nc6 8. 0-0 Rb8 9. Nc3 b5 10. cxb5 axb5 11. Rc1 Bd7 12. d5 Na5 13. Nd4 b4 14. Na4 e5 15. dxe6 fxe6 16. Nc6 Nxc6 17. Bxc6 Bxc6 18. Rxc6 e5 19. Qc2 Rf7 20. Rc1 Ne8 21. Qe4 Qd7 22. Kg2 Nf6 23. Qd3 Ne8 24. e4 h5 25. h3 Bh6 26. R1c2 h4 27. g4 Qd8 28. Kg1 Qf6 29. Nc5 Kh7 30. Qe2 Bg5 31. Nd3 Qd8 32. R2c4 Ng7 33. Nxb4 Rxb4 34. Rxb4 Ne6 35. Bxe5 Qe8 36. Qc4 Re7 37. Bh2 Nc5 38. Rxc5 dxc5 39. Qxc5 Bh6 40. Rb7 Bg7 41. Bf4 1-0

[Event "Chania Theodorakis Memorial 2nd"]
[Site "Chania"]
[Date "2023.04.18"]
[Round "3"]
[White "Kourkoulos Arditis, Stamatis"]
[Black "Alexiadis, Hristos"]
[Result "0-1"]
[WhiteElo "2553"]
[BlackElo "2335"]
[PlyCount "112"]
[EventDate "2023.04.17"]
[EventType "swiss"]
[EventRounds "9"]
[EventCountry "GRE"]
[SourceTitle "EXT 2024"]
[Source "ChessBase"]
[SourceDate "2023.10.10"]
[SourceVersion "1"]
[SourceVersionDate "2023.10.10"]
[SourceQuality "1"]

1. d4 Nf6 2. c4 e6 3. Nf3 d5 4. g3 Be7 5. Bg2 0-0 6. 0-0 dxc4 7. Qc2 a6 8. a4 Bd7 9. Qxc4 Bc6 10. Bg5 Nbd7 11. Nc3 a5 12. Rfd1 h6 13. Bxf6 Nxf6 14. Ne5 Bxg2 15. Kxg2 c6 16. e3 Ra6 17. Rac1 Bb4 18. Qe2 Qe7 19. h4 Nd7 20. Ne4 Rd8 21. g4 f6 22. Ng6 Qf7 23. h5 Nf8 24. Nf4 Raa8 25. Qc4 Bd6 26. Nd3 Bc7 27. f4 Re8 28. Rh1 Nd7 29. Rh3 Nb6 30. Qc2 Nd5 31. Rf1 f5 32. Ne5 Bxe5 33. fxe5 Rf8 34. Nd6 Qe7 35. gxf5 Qg5+ 36. Kf2 exf5 37. Rg1 Qe7 38. Ke2 f4 39. Nf5 Rxf5 40. Qxf5 Rf8 41. Qg4 Nxe3 42. Rxe3 fxe3 43. Kxe3 c5 44. e6 cxd4+ 45. Kd3 Rf6 46. Rc1 Qxe6 47. Rc8+ Kh7 48. Qxe6 Rxe6 49. Kxd4 Rb6 50. Kc3 Rb4 51. Rc7 Rxa4 52. Rxb7 Rg4 53. Rb5 Rg5 54. Kc4 a4 55. Kb4 Rxb5+ 56. Kxb5 g5 0-1

[Event "Titled Tuesday intern op 02nd Aug Early"]
[Site "Chess.com INT"]
[Date "2022.08.02"]
[Round "8"]
[White "Alexiadis, Hristos"]
[Black "Le, Tuan Minh"]
[Result "0-1"]
[WhiteElo "2303"]
[BlackElo "2542"]
[PlyCount "87"]
[EventDate "2022.08.02"]
[EventType "swiss (blitz)"]
[EventRounds "11"]
[EventCountry "USA"]
[SourceTitle "EXT 2023"]
[Source "ChessBase"]
[SourceDate "2022.10.05"]
[SourceVersion "1"]
[SourceVersionDate "2022.10.05"]
[SourceQuality "1"]

1. d4 d5 2. c4 c6 3. Nf3 Nf6 4. g3 Bf5 5. Nc3 e6 6. Nh4 Be4 7. f3 Bg6 8. Qb3 Qc8 9. e4 dxe4 10. Nxg6 hxg6 11. fxe4 e5 12. dxe5 Ng4 13. e6 Qxe6 14. Qxb7 Bc5 15. Qxa8 0-0 16. Qb7 Qf6 17. Bf4 Qd4 18. Be2 Rd8 19. Rf1 Ne3 20. Qxf7+ Kh7 21. Bxe3 Qxe3 22. Rd1 Rxd1+ 23. Kxd1 Na6 24. Qf3 Qd4+ 25. Qd3 Qe5 26. a3 Bd4 27. Rf4 Nc5 28. Qc2 Be3 29. Rh4+ Kg8 30. b4 Qd4+ 31. Ke1 g5 32. bxc5 gxh4 33. Qd3 Qxc5 34. Qd8+ Kf7 35. Qd7+ Kf6 36. Qf5+ Qxf5 37. exf5 Kxf5 38. Bf3 c5 39. gxh4 a6 40. Ke2 Bc1 41. a4 Ke5 42. Kd3 Bf4 43. h3 Bg3 44. h5 0-1

[Event "Titled Tuesday intern op 26th Jul Late"]
[Site "Chess.com INT"]
[Date "2022.07.26"]
[Round "10"]
[White "Alexiadis, Hristos"]
[Black "Souleidis, Georgios"]
[Result "1-0"]
[WhiteElo "2283"]
[BlackElo "2426"]
[PlyCount "121"]
[EventDate "2022.07.26"]
[EventType "swiss (blitz)"]
[EventRounds "11"]
[EventCountry "USA"]
[SourceTitle "EXT 2023"]
[Source "ChessBase"]
[SourceDate "2022.10.05"]
[SourceVersion "1"]
[SourceVersionDate "2022.10.05"]
[SourceQuality "1"]

1. d4 Nf6 2. c4 g6 3. Nc3 Bg7 4. e3 d6 5. Nge2 0-0 6. g3 e5 7. Bg2 Re8 8. 0-0 c6 9. Rb1 a5 10. a3 Qc7 11. b4 axb4 12. axb4 Bf5 13. e4 Bg4 14. Be3 Qc8 15. d5 cxd5 16. cxd5 Bh3 17. Qd3 Bxg2 18. Kxg2 Nbd7 19. Nb5 Qb8 20. Rfc1 Rd8 21. f3 Bf8 22. Rc2 Rc8 23. Rbc1 Rxc2 24. Qxc2 Ne8 25. g4 Be7 26. Ng3 Qd8 27. Qd2 Rc8 28. Rxc8 Qxc8 29. Qc1 Qxc1 30. Bxc1 Bd8 31. Nf1 Bb6 32. Be3 Kf8 33. Kf2 Ke7 34. Nd2 Bxe3+ 35. Kxe3 Nb6 36. Kd3 Kd7 37. Nb3 Nc7 38. Nc3 Na6 39. Na2 Kc7 40. Na5 Nc8 41. h4 f6 42. Kc4 Ne7 43. Nc3 b6 44. Nc6 Nc8 45. Nb5+ Kd7 46. Kb3 Ne7 47. Nc3 Nc7 48. Na7 Nc8 49. Nxc8 Kxc8 50. Kc4 Kd7 51. Nb5 Ne8 52. Na7 Kc7 53. Nc6 Kb7 54. Nd8+ Kc7 55. Ne6+ Kb7 56. Nf8 h6 57. Nxg6 Nc7 58. b5 Ne8 59. Ne7 Kc7 60. h5 Kd7 61. Nf5 1-0

[Event "Paleochora op 15th"]
[Site "Paleochora"]
[Date "2022.07.20"]
[Round "5"]
[White "Alexiadis, Hristos"]
[Black "Fantinel, Thibault"]
[Result "1-0"]
[WhiteElo "2283"]
[BlackElo "2406"]
[PlyCount "101"]
[EventDate "2022.07.17"]
[EventType "swiss"]
[EventRounds "9"]
[EventCountry "GRE"]
[SourceTitle "CBM 209 Extra"]
[Source "ChessBase"]
[SourceDate "2022.09.30"]
[SourceVersion "1"]
[SourceVersionDate "2022.09.30"]
[SourceQuality "1"]

1. d4 Nf6 2. Nf3 d5 3. c4 e6 4. g3 Bb4+ 5. Bd2 Be7 6. Bg2 0-0 7. 0-0 Nbd7 8. Qc2 Ne4 9. Bc1 c6 10. Nbd2 f5 11. b3 a5 12. a3 Qe8 13. Ne1 Nxd2 14. Bxd2 Qh5 15. Bf3 Qf7 16. Nd3 Bf6 17. Bc3 b6 18. b4 Ba6 19. b5 dxc4 20. bxa6 cxd3 21. Qxd3 Rfc8 22. Rac1 b5 23. Bxa5 Rxa6 24. Bb4 Be7 25. d5 Bxb4 26. axb4 Ne5 27. dxe6 Qxe6 28. Qd4 Nxf3+ 29. exf3 Re8 30. Rc5 h6 31. f4 Qe4 32. Qd7 Raa8 33. Qxc6 Qxc6 34. Rxc6 Re4 35. Rb1 Ra4 36. Rc5 Rexb4 37. Rxb4 Rxb4 38. Rxf5 Kh7 39. Kg2 Kg6 40. Rf8 Rc4 41. f5+ Kh7 42. f3 Rc2+ 43. Kh3 Rf2 44. f4 b4 45. Rb8 Rb2 46. g4 b3 47. Kg3 Rb1 48. g5 hxg5 49. fxg5 b2 50. g6+ Kh6 51. Kh4 1-0

[Event "Paleochora op 15th"]
[Site "Paleochora"]
[Date "2022.07.18"]
[Round "3"]
[White "Alexiadis, Hristos"]
[Black "Banikas, Hristos"]
[Result "1/2-1/2"]
[WhiteElo "2283"]
[BlackElo "2598"]
[PlyCount "27"]
[EventDate "2022.07.17"]
[EventType "swiss"]
[EventRounds "9"]
[EventCountry "GRE"]
[SourceTitle "CBM 209 Extra"]
[Source "ChessBase"]
[SourceDate "2022.09.30"]
[SourceVersion "1"]
[SourceVersionDate "2022.09.30"]
[SourceQuality "1"]

1. d4 Nf6 2. c4 e6 3. g3 Bb4+ 4. Bd2 Be7 5. Bg2 d5 6. Nf3 0-0 7. 0-0 Nbd7 8. Qc2 c6 9. Bf4 b6 10. b3 Nh5 11. Bc1 Nhf6 12. Bf4 Nh5 13. Bc1 Nhf6 14. Bf4 1/2-1/2

[Event "Titled Tuesday intern op 12th Jul Late"]
[Site "Chess.com INT"]
[Date "2022.07.12"]
[Round "11"]
[White "Alexiadis, Hristos"]
[Black "Perske, Thore"]
[Result "0-1"]
[WhiteElo "2283"]
[BlackElo "2436"]
[PlyCount "60"]
[EventDate "2022.07.12"]
[EventType "swiss (blitz)"]
[EventRounds "11"]
[EventCountry "USA"]
[SourceTitle "EXT 2023"]
[Source "ChessBase"]
[SourceDate "2022.10.05"]
[SourceVersion "1"]
[SourceVersionDate "2022.10.05"]
[SourceQuality "1"]

1. d4 Nf6 2. c4 g6 3. Nc3 Bg7 4. e4 d6 5. h3 0-0 6. Be3 Na6 7. g4 c5 8. Nge2 cxd4 9. Nxd4 Nc5 10. Bg2 e5 11. Ndb5 Be6 12. Nxd6 Qb6 13. Ncb5 Bxc4 14. b4 Nd3+ 15. Qxd3 Bxd3 16. Bxb6 axb6 17. a4 Rfd8 18. Nxb7 Rd7 19. N7d6 Bf8 20. Rd1 Bxd6 21. Rxd3 Bxb4+ 22. Ke2 Rxa4 23. Rxd7 Nxd7 24. Rd1 Ra2+ 25. Kf1 Bc5 26. Rxd7 Rxf2+ 27. Ke1 Rxg2 28. Nc7 Rg3 29. Nd5 Kg7 30. g5 Rxg5 0-1

[Event "Titled Tuesday intern op 12th Jul Late"]
[Site "Chess.com INT"]
[Date "2022.07.12"]
[Round "4"]
[White "Shimanov, Aleksandr"]
[Black "Alexiadis, Hristos"]
[Result "0-1"]
[WhiteElo "2581"]
[BlackElo "2283"]
[PlyCount "116"]
[EventDate "2022.07.12"]
[EventType "swiss (blitz)"]
[EventRounds "11"]
[EventCountry "USA"]
[SourceTitle "EXT 2023"]
[Source "ChessBase"]
[SourceDate "2022.10.05"]
[SourceVersion "1"]
[SourceVersionDate "2022.10.05"]
[SourceQuality "1"]

1. e4 e5 2. Nf3 Nc6 3. Nc3 Nf6 4. h3 Bb4 5. Nd5 Bc5 6. c3 0-0 7. d3 h6 8. b4 Bd6 9. Nxf6+ Qxf6 10. g4 Be7 11. g5 hxg5 12. Bxg5 Qe6 13. h4 d5 14. b5 dxe4 15. dxe4 Rd8 16. Qa4 Nb8 17. Bc4 Qd6 18. Rg1 Be6 19. Ke2 Nd7 20. Rad1 Nb6 21. Rxd6 Bxc4+ 22. Qxc4 Nxc4 23. Rxd8+ Bxd8 24. Rd1 f6 25. Be3 Nd6 26. Rd5 Nxe4 27. Kd3 Nd6 28. Nd2 Be7 29. c4 b6 30. Ne4 Rd8 31. Nxd6 Bxd6 32. Ke4 Kf7 33. f3 Ke6 34. Bf2 Rh8 35. Rd1 f5+ 36. Kd3 Be7 37. Rg1 Bf6 38. Ke2 Rd8 39. Rc1 e4 40. fxe4 fxe4 41. a4 Rd3 42. c5 Ra3 43. cxb6 cxb6 44. Rc6+ Kf5 45. Rc4 Kf4 46. Be1 Ra2+ 47. Kd1 Kf3 48. Rc2 Rxc2 49. Kxc2 Ke2 50. Bb4 Bxh4 51. Bd6 Be1 52. Bb8 Ba5 53. Bxa7 e3 54. Bb8 Kf2 55. Be5 e2 56. Bxg7 e1Q 57. Bd4+ Kf3 58. Kd3 Qe2# 0-1

[Event "Novi Sad Serbia op-A"]
[Site "Novi Sad"]
[Date "2022.07.04"]
[Round "7"]
[White "Hryzlova, Sofiia"]
[Black "Alexiadis, Hristos"]
[Result "0-1"]
[WhiteElo "2165"]
[BlackElo "2291"]
[PlyCount "58"]
[EventDate "2022.06.28"]
[EventType "swiss"]
[EventRounds "9"]
[EventCountry "SRB"]
[SourceTitle "EXT 2024"]
[Source "ChessBase"]
[SourceDate "2023.10.10"]
[SourceVersion "1"]
[SourceVersionDate "2023.10.10"]
[SourceQuality "1"]

1. Nf3 Nf6 2. c4 c6 3. d4 d5 4. Nbd2 Bf5 5. Nh4 Be4 6. Qb3 Qc7 7. f3 Bg6 8. cxd5 cxd5 9. e4 dxe4 10. Bb5+ Nbd7 11. Nxg6 hxg6 12. fxe4 e6 13. e5 Nd5 14. 0-0 Be7 15. Nf3 a6 16. Bd3 Rd8 17. Ng5 Nxe5 18. dxe5 Qxe5 19. Nf3 Bc5+ 20. Kh1 Qg3 21. Qa4+ b5 22. Bxb5+ Kf8 23. Bg5 axb5 24. Qxb5 Bd6 25. h4 Nf4 26. Bxf4 Bxf4 27. Qb4+ Kg8 28. Qe7 Rd2 29. Rg1 Qxf3 0-1

[Event "Novi Sad Serbia op-A"]
[Site "Novi Sad"]
[Date "2022.07.02"]
[Round "5"]
[White "Cabarkapa, Novak"]
[Black "Alexiadis, Hristos"]
[Result "1-0"]
[WhiteElo "2466"]
[BlackElo "2291"]
[PlyCount "93"]
[EventDate "2022.06.28"]
[EventType "swiss"]
[EventRounds "9"]
[EventCountry "SRB"]
[SourceTitle "EXT 2023"]
[Source "ChessBase"]
[SourceDate "2022.10.05"]
[SourceVersion "1"]
[SourceVersionDate "2022.10.05"]
[SourceQuality "1"]

1. b3 d5 2. Bb2 Nf6 3. Nf3 g6 4. c4 c6 5. g3 Bg7 6. Bg2 0-0 7. 0-0 Qb6 8. Qc2 Bg4 9. d3 Bxf3 10. Bxf3 Nbd7 11. Bg2 Rfe8 12. Nc3 Rac8 13. Qd2 dxc4 14. bxc4 Qa6 15. a4 Nc5 16. Qc2 e5 17. a5 Rcd8 18. Rfd1 e4 19. d4 Ne6 20. e3 Qxc4 21. Ra4 Qa6 22. Nxe4 Nxe4 23. Bxe4 Qb5 24. Rb1 Qh5 25. Bg2 Ng5 26. Kh1 a6 27. h4 Ne6 28. Kg1 Nc7 29. d5 Bxb2 30. Rxb2 Nxd5 31. Rxb7 c5 32. Ra1 Nb4 33. Qc4 Qf5 34. Rf1 Rd2 35. e4 Qf6 36. Qxc5 Nd3 37. Qe3 Qc3 38. Rd7 Qc2 39. h5 Rf8 40. Qd4 gxh5 41. e5 Qa2 42. Qe3 Rxf2 43. Rxf2 Nxf2 44. Qxf2 Qa1+ 45. Kh2 Qxe5 46. Rd5 Qe6 47. Rxh5 1-0